Capitales et Sports #3 - Statistiques

Statistiques générales
  • Ce quiz a été pris 237 fois
  • Le résultat moyen est 4 sur 10
Statistiques - réponses
Hint Réponse % Correct
Dans quelle capitale se trouve le club formateur de Cristiano Ronaldo ? Lisbonne
99%
Dans quelle capitale se déroule chaque année le Master de Wimbledon ? Londres
67%
Dans quelle capitale Océanique peut-on trouver des clubs évoluant au meilleur niveau national dans les sports comme le Rugby à XV, à XIII, le cricket, de hockey sur glace et du Basket-ball ? Canberra
50%
Dans quelle capitale se trouve l'Estadio Hernando Siles, le plus haut stade du monde accueillant des matchs de football officiel de la Fifa ? La Paz
45%
Quelle capitale asiatique fut la ville hôte des jeux du Commonwealth en 2010, la ville dispose aussi d'une Franchise de Cricket, les Capitals ? New Delhi
38%
Dans quelle capitale se trouve le Stade du Premier-Mai, en duel avec le stade Modi pour être le plus grand du monde ? Ce stade est surtout utilisé pour des parades militaires et discours officiel du pouvoir. Pyongyang
30%
Dans quelle capitale d'Afrique l'Association sportive des forces armées royales est-il le club résident ? il s'agit de l'un des plus grand club du pays avec 3 disciplines pratiquées le football, la natation et le Basketball. Rabat
22%
De quelle capitale le club de rugby des Bulls est-il le club résident ? Prétoria
21%
Dans quelle capitale se trouve l'Ecole Espagnoles d'Equitation, l'une des plus renommée au monde ? Dans cette ville les habitants aiment pratiquer la natation sur l'ile de Gaensehaeufel. Vienne
16%
De quelle capitale le Club de Handball du RK Vadar est-il le club résident ? Ce club a remporter la coupe d'Europe en 2017 et 2019, il s'agit de la capital d'un pays qui a changé de nom en 2018. Skopje
13%
Aucun quiz correspondant
Distribution des résultats
% des personnes avec chaque résultat
Percentile par nombre de réponses
Votre historique - résultats
Vous n’avez pas pris ce quiz